000
00367nam a2200133Ia 4500
008
100328s9999 xx 000 0 und d
082
_b
20554
100
_a
वागळे सुमन ग.
245
_a
रुचिवैभव
260
_b
पाठक बा.ल.
630
_a
रुचिवैभव
730
_a
रुचिवैभव
942
_c
BOOK
999
_c
514667
_d
514664